Wiwaharika buddiye viyogaya (Record no. 5030)
[ view plain ]
| 000 -LEADER | |
|---|---|
| fixed length control field | 00426nam a2200157Ia 4500 |
| 005 - DATE AND TIME OF LATEST TRANSACTION | |
| control field | 20250528032912.0 |
| 008 - FIXED-LENGTH DATA ELEMENTS--GENERAL INFORMATION | |
| fixed length control field | 240331s9999 xx 000 0 und d |
| 020 ## - INTERNATIONAL STANDARD BOOK NUMBER | |
| ISBN | 9555800251 |
| 082 ## - DDC Classification | |
| Item Number - Author Mark | PER |
| Class No. | 303 |
| 100 ## - MAIN ENTRY--PERSONAL NAME | |
| Personal name | Perera,S |
| 245 #0 - TITLE STATEMENT | |
| Title | Wiwaharika buddiye viyogaya |
| 260 ## - PUBLICATION, DISTRIBUTION, ETC. | |
| Place of publication, distribution, etc. | Colombo |
| Name of publisher, distributor, etc. | ICES |
| Date of publication, distribution, etc. | 1997 |
| 300 ## - PHYSICAL DESCRIPTION | |
| Extent (e.g. Volumes, Pages etc.) | 182 p ., |
| 500 ## - GENERAL NOTE | |
| General note | A Commentary on several Social, Cultural and political trends in Sri Lanka |
| 942 ## - Koha item type (Biblio) | |
| Koha item type | Books in Stacks (Lending) |
| Lost status | Damaged status | Collection code | Home library | Current library | Shelving location | Date acquired | Full call number | Accession Number | Item type |
|---|---|---|---|---|---|---|---|---|---|
| Lending | WERC Library | WERC Library | Social Science Cupboard | 03/31/2024 | 303.4 PER | 4089 | Books in Stacks (Lending) |
